00277pab a2200121 454500008004000000100002400040245002500064260000900089300000600098362001200104650001900116773002000135180718b1983 xxu||||| |||| 00| 0 eng d aMadhava Menon, N.R. aErosion in judiciary c1983 a9 a17 Feb. aJudges - India aHindustan Times